000
00310nam a2200121Ia 4500
008
191201s2014 xx 000 0 und d
100
_a
PAHADIA, Jagannath
245
0
_a
Hashiye Se Mukhyadhara Tak
260
_a
New Delhi
_b
S Chand and Co. Ltd.
_c
2014
300
_a
240
650
_a
General Books
942
_2
ddc
_c
BK
999
_c
128
_d
128